[Event "Rio de Janeiro Guanabara op 5th"]
[Site "Rio de Janeiro"]
[Date "2016.12.10"]
[Round "6"]
[White "Ramos, Angelo Bil"]
[Black "Saraiva, Alexandre Pacheco"]
[Result "1-0"]
[WhiteElo "2001"]
[BlackElo "1840"]
[PlyCount "59"]
[EventDate "2016.12.03"]
[EventType "swiss"]
[EventRounds "6"]
[EventCountry "BRA"]
[SourceTitle "EXT 2018"]
[Source "ChessBase"]
[SourceDate "2017.10.13"]
[SourceVersion "1"]
[SourceVersionDate "2017.10.13"]
[SourceQuality "1"]

1. d4 Nf6 2. c4 e6 3. Nc3 d5 4. Bg5 c6 5. e3 Nbd7 6. cxd5 exd5 7. Bd3 Qa5 8. Qc2 Bb4 9. Nge2 0-0 10. 0-0 h6 11. Bh4 Re8 12. a3 Be7 13. b4 Qd8 14. f3 a5 15. Rab1 Nf8 16. Bf2 Ne6 17. Rfe1 Bd6 18. Ng3 Bb8 19. Na4 Qd6 20. Nb6 Ra7 21. Nf1 Qe7 22. e4 dxe4 23. Bxe4 axb4 24. axb4 Nxe4 25. Rxe4 Ra6 26. Nxc8 Rxc8 27. d5 Qf6 28. dxe6 fxe6 29. Qc4 Re8 30. Rbe1 1-0